| Поле | Инд. | ПП | Название | Значение |
|---|---|---|---|---|
| Тип записи | a | |||
| Библиографический уровень | b | |||
| 001 | Контрольный номер | UNIDUBNA25d311dbe12e4f07914b8f02f92f7df6 | ||
| 005 | Дата корректировки | 20221223163206.1 | ||
| 084 | a | Индекс другой классификации/Индекс ББК | 88.91; 88.92; 88.93 | |
| 100 | 1_ | a | Автор | Хусаинова Т. А. |
| 245 | 10 | a | Заглавие | Создание условий для оптимизации детско-родительских отношений в семьях с дезадаптированными подростками |
| 500 | a | Примечание | Тема номера: Практика социально-психологической помощи получателям услуг социального обслуживания | |
| 520 | 0_ | a | Аннотация | Коррекционное направление работы педагога-психолога включает в себя три блока: первый блок - коррекционно-развивающие занятия с подростками; второй блок - психокоррекция детско-родительских отношений в родительских группах; третий блок - совместные занятия родителей и подростков... |
| 650 | 04 | a | Основная рубрика | практическая психология (прикладная психология) |
| a | Основная рубрика | психодиагностика | ||
| a | Основная рубрика | психокоррекция | ||
| a | Основная рубрика | психологическое консультирование | ||
| a | Основная рубрика | психология | ||
| 653 | 0_ | a | Ключевые слова | групповые тренинги |
| a | Ключевые слова | группы риска | ||
| a | Ключевые слова | дезадаптированные дети | ||
| a | Ключевые слова | дезадаптированные подростки | ||
| a | Ключевые слова | детско-родительские отношения | ||
| a | Ключевые слова | коррекционные методики | ||
| a | Ключевые слова | неблагополучные семьи | ||
| a | Ключевые слова | несовершеннолетние | ||
| a | Ключевые слова | общение | ||
| a | Ключевые слова | подростки | ||
| a | Ключевые слова | психологическая поддержка | ||
| a | Ключевые слова | психотерапия | ||
| a | Ключевые слова | развивающие методики | ||
| a | Ключевые слова | реабилитационные центры | ||
| a | Ключевые слова | Россия | ||
| a | Ключевые слова | семья | ||
| a | Ключевые слова | социальная реабилитация | ||
| a | Ключевые слова | тренинги | ||
| a | Ключевые слова | трудные дети | ||
| a | Ключевые слова | трудные подростки | ||
| a | Ключевые слова | учреждения социального обслуживания | ||
| 773 | 18 | t | Заглавие источника | Работник социальной службы |
| d | Дата издания источника | 2021 | ||
| g | Прочая информация | № 12. - С. 132 - 137 | ||
| w | Контрольный № источника | UNIDUBNA3eacbe3273434e31b3650adda3feb0fe | ||
| 901 | t | Тип документа | b |